| 000 | 00897nam a2200277 a 4500 | ||
|---|---|---|---|
| 001 | 60449 | ||
| 003 | BD-RjUL | ||
| 005 | 20211209080836.0 | ||
| 008 | 161231s1979 njua b 001 0 eng | ||
| 020 | _a0134729773 | ||
| 035 | _a(BD-RjUL) 60573 | ||
| 040 |
_aDLC _cDLC _dDLC _d(BD-RjUL) _beng |
||
| 041 | _aeng | ||
| 082 | 0 | 0 |
_a658.15 _223 _bROI 1979 |
| 100 | 1 |
_aRodriguez, Rita M., _d1944- _9179895 |
|
| 245 | 1 | 0 |
_aInternational financial management / _cRita M. Rodriguez, E. Eugene Carter. |
| 250 | _a2d ed. | ||
| 260 |
_aEnglewood Cliffs, N.J. : _bPrentice-Hall, _cc1979. |
||
| 300 |
_axv, 686 p. : _bill. ; _c24 cm. |
||
| 504 | _aIncludes bibliographies and index. | ||
| 650 | 0 |
_aInternational finance. _9173271 |
|
| 650 | 0 |
_aInternational business enterprises _xFinance. _9179896 |
|
| 700 | 1 |
_aCarter, E. Eugene, _ejoint author. _9179897 |
|
| 942 |
_2ddc _cBK |
||
| 999 |
_c60449 _d60449 |
||